00276nam a2200121Ia 4500008004100000100000900041245003300050260002900083300000800112650001000120942000700130999001700137190216s9999||||xx |||||||||||||| ||und|| aNull 0aHindi-Dilli Ki Balidan Gatha bMac Millian And Com. Ltd a199 aHindi cBK c16087d16087